000 00709nam a22002297a 4500
003 DO-SdBNP
005 20220425095500.0
007 ta
008 210909b 2017 dr 00| 0 eng d
040 _aDO-SdBNP
_bspa
_cBNPHU
082 4 _222
100 1 _aVargas Guerrero, J. Alejandro
_979791
245 1 _aMedidas de coerción personal/
_cJ. Alejandro Vargas Guerrero
260 _aSanto Domingo :
_bs.n. ,
_c2017.
300 _a254 p. ;
_c24 cm.
500 _aIncluye datos biográficos del autor en las solapas
500 _a la biblioteca posee la 1ra reimpresión del 2016
504 _aBibliografías : p. 199-202
590 _aInventariado, 2021/BT
910 _aBtavárez
942 _2ddc
_cLBS1
999 _c50450
_d50450